Monograph on medicinal plants of Bhutan : (Record no. 5139)
[ view plain ]
| 000 -LEADER | |
|---|---|
| fixed length control field | 00655pam a2200169 4500 |
| 001 - CONTROL NUMBER | |
| control field | 6088 |
| 005 - DATE AND TIME OF LATEST TRANSACTION | |
| control field | 20181127180842.0 |
| 008 - FIXED-LENGTH DATA ELEMENTS--GENERAL INFORMATION | |
| fixed length control field | 861024r19871972enkaf 001 0 eng |
| 020 ## - INTERNATIONAL STANDARD BOOK NUMBER | |
| International Standard Book Number | 9789993676232 |
| 110 ## - MAIN ENTRY--CORPORATE NAME | |
| Corporate name or jurisdiction name as entry element | Ministry of Health. |
| Subordinate unit | |
| Location of meeting | |
| Date of meeting or treaty signing | |
| Relator term | |
| Number of part/section/meeting | |
| Name of part/section of a work | |
| 245 12 - TITLE STATEMENT | |
| Title | Monograph on medicinal plants of Bhutan : |
| Remainder of title | volume I |
| Statement of responsibility, etc. | |
| 260 ## - PUBLICATION, DISTRIBUTION, ETC. | |
| Place of publication, distribution, etc. | Thimphu : |
| Name of publisher, distributor, etc. | Pharmaceutical and Research Unit, Institute of Traditional Medicine Services, Ministry of Health. |
| Date of publication, distribution, etc. | 2009. |
| 300 ## - PHYSICAL DESCRIPTION | |
| Extent | 80 p. : |
| Other physical details | col. ill ; |
| Dimensions | 19 cm. |
| 504 ## - BIBLIOGRAPHY, ETC. NOTE | |
| Bibliography, etc. note | Includes bibliographical references and index. |
| 650 ## - SUBJECT ADDED ENTRY--TOPICAL TERM | |
| Topical term or geographic name entry element | Medicinal plants -- Bhutan. |
| Form subdivision | |
| General subdivision | |
| Chronological subdivision | |
| Geographic subdivision | |
| Source of heading or term | |
| Topical term or geographic name entry element | Medicinal plants |
| Geographic subdivision | Bhutan |
| Form subdivision | Identification. |
| Withdrawn status | Lost status | Source of classification or shelving scheme | Damaged status | Not for loan | Collection code | Home library | Current library | Shelving location | Serial Enumeration / chronology | Inventory number | Total Checkouts | Full call number | Barcode | Date last seen | Price effective from | Koha item type |
|---|---|---|---|---|---|---|---|---|---|---|---|---|---|---|---|---|
| Dewey Decimal Classification | Main TEST | RTC Library | RTC Library | Main opac | 9620 | 615.321 MIN | 30008476 | 27/11/2018 | 27/11/2018 | Main |